000 00638nam a2200241Ia 4500
005 20260430150310.0
008 008 250103s9999 xx 000 0 eng d
037 _aTheses
040 _aCRL
040 _beng
040 _ceng
041 _2eng
041 _aeng
084 _qCRL
100 _aGupta Bhawna Bansal; Datt Goptal
_91237077
245 0 _aSlant Hankel Operators on the Lebesgue Space of n -Torus
260 _c2023
300 _a135
650 _aMathematics
700 _aUniversity of Delhi. Faculty of Mathematical Sciences . Deptt. of Mathematics
_91237078
942 _cTH
999 _c1849446
_d1849446